| 000 | 07198nam a22005777a 4500 | ||
|---|---|---|---|
| 005 | 20120209120511.0 | ||
| 010 | _aB-473318-344 | ||
| 020 |
_c50.00 _a9788185586685 |
||
| 035 | _aB-473318-344 | ||
| 037 | _bब्लूबेरी बुक्स | ||
| 082 | _aक | ||
| 100 |
_aपुधुवई रा रजनी _950752 |
||
| 245 |
_aअभिशाप / _cपुधुवई रा रजनी;शारदा नटराजन द्वारा चित्रांकित |
||
| 250 | _a6ठा संस्क | ||
| 260 |
_aनई दिल्ली _bकथा _c2010 |
||
| 270 |
_aए-3 सर्वोदय एनक्लेव, श्री औरोबिन्दो मार्ग _bनई दिल्ली _e110017 |
||
| 300 |
_a20 पृ. _bसचित्र _c22सेमी (अजिल्द) |
||
| 500 | _aमूल तमिल भाषा से अनूदित व रूपांतरित | ||
| 700 |
_aनटराजन, शारदा _941293 |
||
| 700 | _941305 | ||
| 942 |
_2ddc _cCH _hक _mपुधुव |
||
| 999 |
_c62379 _d62379 |
||